Liekové formy : Návody na praktické cvičenie II /

Na minha lista:
Detalhes bibliográficos
Autor principal: Lichnerová, Irena (Author)
Formato: Livro
Idioma:eslovaco
Publicado em: Bratislava : Univerzita Komenského v Bratislave, 1992
Tags: Adicionar Tag
Sem tags, seja o primeiro a adicionar uma tag!

MARC

LEADER 00000nam a22000003a 4500
001 stu21358
005 20150617225750.6
008 930622s1992----cs------------------slo-d
020 |a 80-223-0354-2 
040 |a STU  |b slo 
041 0 |a slo 
044 |a cs 
080 |a 615-014(075.8)  |7 A000003252 
080 |a 615.41(075.8) 
100 1 |a Lichnerová, Irena  |4 aut 
245 1 |a Liekové formy :  |b Návody na praktické cvičenie II /  |c [aut.]Lichnerová,Irena a kol 
260 |a Bratislava :  |b Univerzita Komenského v Bratislave,  |c 1992 
300 |a 157 s :  |b Obr.,tab 
996 |b CS31721  |c C*S31721  |l CCXIX  |s P  |a 0  |w stu21358_0001